College Football 2024-25 Top 25 - Statistics

General Stats
  • This quiz has been taken 37 times
  • The average score is 17 of 25
Answer Stats
RK Rec. Answer % Correct
1 14-2 Ohio State
100%
4 13-3 Texas
100%
17 9-4 Alabama
96%
2 14-2 Notre Dame
96%
3 13-1 Oregon
96%
7 11-3 Arizona State
92%
5 13-3 Penn State
92%
8 12-2 Boise State
88%
14 10-4 Clemson
88%
6 11-3 Georgia
83%
12 11-3 SMU
71%
19 9-4 South Carolina
71%
9 10-3 Tennessee
71%
10 11-2 Indiana
67%
18 10-3 Miami
67%
25 9-4 Colorado
63%
15 11-3 Iowa State
63%
11 10-3 Ole Miss
63%
13 11-2 BYU
58%
22 10-3 Missouri
54%
16 10-3 Illinois
50%
21 12-2 Army
33%
20 10-3 Syracuse
33%
24 11-2 Memphis
25%
23 11-3 UNLV
25%
No matching quizzes found
Score Distribution
Percent of People with Each Score
Percentile by Number Answered
Your Score History
You have not taken this quiz